6 Animals, 6 Languages Quiz Stats

 Plays Quiz Updated Jun 11, 2015

Challenge
Share
Tweet
Score 0/6 Timer 02:00
4 Plays Today
% Correct
Cat
91.9%
Fish
76.1%
Dog
74.1%
Horse
46.3%
Cow
42.4%
Bird
28.2%

You're not logged in!

Compare scores with friends on all Sporcle quizzes.
Join for Free
OR
Log In

You Might Also Like...

Show Comments

Extras

Top Quizzes Today


Score Distribution

Your Account Isn't Verified!

In order to create a playlist on Sporcle, you need to verify the email address you used during registration. Go to your Sporcle Settings to finish the process.

Report this User

Report this user for behavior that violates our Community Guidelines.

Details: